MARC details
| 000 -CABECERA |
| campo de control de longitud fija |
03678nam a2200481 a 4500 |
| 003 - IDENTIFICADOR DEL NÚMERO DE CONTROL |
| campo de control |
CHAP |
| 005 - FECHA Y HORA DE LA ÚLTIMA TRANSACCIÓN |
| campo de control |
20241122120040.0 |
| 007 - CAMPO FIJO DE DESCRIPCIÓN FÍSICA--INFORMACIÓN GENERAL |
| campo de control de longitud fija |
cr ||||||a|c|a |
| 008 - DATOS DE LONGITUD FIJA--INFORMACIÓN GENERAL |
| campo de control de longitud fija |
101215s2010 mx r 00010 spa d |
| 035 ## - NÚMERO DE CONTROL DEL SISTEMA |
| Número de control de sistema |
111823 |
| 040 ## - FUENTE DE LA CATALOGACIÓN |
| Centro/agencia transcriptor |
CHAP |
| 090 ## - LOCALMENTE ASIGNADO TIPO-LC NÚMERO DE CLASIFICACIÓN (OCLC); NÚMERO DE CLASIFICACIÓN LOCAL (RLIN) |
| Número de clasificación (OCLC) (R) ; Numero de clasificación, CALL (RLIN) (NR) |
Tesis |
| 100 1# - ENTRADA PRINCIPAL--NOMBRE DE PERSONA |
| Nombre de persona |
Rodríguez Gonzalez, José Andres. |
| 9 (RLIN) |
98536 |
| 245 10 - MENCIÓN DE TÍTULO |
| Título |
Proyecto de inverción para el establecimiento de macrotunetes para la producción de fresa (Fragaría spp.) en Timílpan, México |
| Mención de responsabilidad, etc. |
/por José Andres Rodríguez Gonzalez; director de tesis Gloria Virginia Cano García. |
| 264 #1 - PRODUCCIÓN, PUBLICACIÓN, DISTRIBUCIÓN, FABRICACIÓN Y COPYRIGHT |
| Producción, publicación, distribución, fabricación y copyright |
Chapingo, Méx. : |
| Nombre del de productor, editor, distribuidor, fabricante |
El autor, |
| Fecha de producción, publicación, distribución, fabricación o copyright |
2010. |
| 300 ## - DESCRIPCIÓN FÍSICA |
| Extensión |
1 recurso en línea (136 páginas): |
| Otras características físicas |
cuadros, figuras. |
| 336 ## - TIPO DE CONTENIDO |
| Fuente |
rdacontent |
| Término de tipo de contenido |
texto |
| Código de tipo de contenido |
txt |
| 337 ## - TIPO DE MEDIO |
| Fuente |
rdamedia |
| Nombre/término del tipo de medio |
computadora |
| Código del tipo de medio |
c |
| 338 ## - TIPO DE SOPORTE |
| Fuente |
rdacarrier |
| Nombre/término del tipo de soporte |
recursos en línea |
| Código del tipo de soporte |
cr |
| 502 ## - NOTA DE TESIS |
| Tipo de título |
Ingeniería Agronómica en el Área de Fitotecnia |
| Nombre de la institución que otorga el título |
Departamento de Enseñanza, Investigación y Servicio en Fitotecnia, |
| Año de obtención del título |
2010. |
| Información miscelánea |
Licenciatura |
| 520 ## - SUMARIO, ETC. |
| Sumario, etc. |
La ventaja de cultivar fresa en macrotúneles es desfasar la producción cuando la oferta de la fruta disminuye y los precios aumentan. El municipio tiene las condiciones climáticas para el desarrollo del cultivo, cuenta con una ubicación adecuada con respecto a las Centrales de Abasto donde se piensa vender la fruta, para no depender del intermediarismo. El objetivo de la investigación es diseñar el proyecto de inversión para establecer la producción de fresa en macrotúneles en el municipio de Timilpán, Estado de México, para abastecer al mercado de este cultivo durante la temporada que no la producen en otros estados. La metodología consistió: a) en campo se aplicaron 137 encuestas a la población objetivo y 13 a comercializadores del municipio y Central de Abastos de Toluca; b) en gabinete se capturó la información obtenida en el programa EXCEL. La inversión inicial es de $1´956,046.39, considerando una tasa de actualización del 8 %, con un horizonte del proyecto de 5 años; los indicadores financieros: Valor Actual Neto (VAN) de 14´546,582.00; Relación Beneficio Costo (B/C) de $4.293, ambos resultan aceptables; la Tasa Interna de Retorno (TIR) es no factible, debido a que los ingresos desde el primer año son mayores a los egresos lo que garantiza la viabilidad del proyecto. El análisis de sensibilidad al disminuir los ingresos totales e incrementar los costos totales en 15%, en ambos casos el proyecto es rentable. El impacto ambiental resulta nulo. El beneficio social se reflejará en la mano de obra que será contratada y la disponibilidad del producto en fresco a precios accesibles al consumidor. Los precios altos y la nula competencia que existe en la zona de estudio demuestran que el proyecto es viable para su puesta en marcha y garantiza el éxito del mismo. |
| 650 14 - PUNTO DE ACCESO ADICIONAL DE MATERIA--TÉRMINO DE MATERIA |
| Término de materia o nombre geográfico como elemento de entrada |
Cultivos en invernadero. |
| 9 (RLIN) |
30376 |
| 650 14 - PUNTO DE ACCESO ADICIONAL DE MATERIA--TÉRMINO DE MATERIA |
| Término de materia o nombre geográfico como elemento de entrada |
Cultivos |
| Subdivisión geográfica |
México (Edo.). |
| 9 (RLIN) |
30364 |
| 650 14 - PUNTO DE ACCESO ADICIONAL DE MATERIA--TÉRMINO DE MATERIA |
| Término de materia o nombre geográfico como elemento de entrada |
Empresas |
| Subdivisión geográfica |
México (Edo.). |
| 9 (RLIN) |
36647 |
| 650 14 - PUNTO DE ACCESO ADICIONAL DE MATERIA--TÉRMINO DE MATERIA |
| Término de materia o nombre geográfico como elemento de entrada |
Fresa |
| Subdivisión general |
Rendimiento. |
| 9 (RLIN) |
43232 |
| 650 14 - PUNTO DE ACCESO ADICIONAL DE MATERIA--TÉRMINO DE MATERIA |
| Término de materia o nombre geográfico como elemento de entrada |
Plásticos en agricultura. |
| 9 (RLIN) |
89199 |
| 650 14 - PUNTO DE ACCESO ADICIONAL DE MATERIA--TÉRMINO DE MATERIA |
| Término de materia o nombre geográfico como elemento de entrada |
Proyectos |
| Subdivisión general |
Financiamiento. |
| 9 (RLIN) |
92526 |
| 700 1# - PUNTO DE ACCESO ADICIONAL--NOMBRE DE PERSONA |
| Nombre de persona |
Cano García, Gloria Virginia |
| 9 (RLIN) |
162888 |
| Término indicativo de función/relación |
Director de tesis. |
| 856 ## - LOCALIZACIÓN Y ACCESO ELECTRÓNICOS |
| Identificador Uniforme del Recurso |
http://10.13.5.2/tesis/111823.pdf |
| Nota pública |
DESCARGAR PDF |
| 942 ## - ELEMENTOS DE PUNTO DE ACCESO ADICIONAL (KOHA) |
| Tipo de ítem Koha |
Tesis digital |
| Fuente del sistema de clasificación o colocación |
Clasificación Universidad Autónoma Chapingo |
| 590 ## - NOTA LOCAL (RLIN) |
| Nota local |
ALEPH |
| Procedencia (VM) [OBSOLETO] |
10 |
| Condición del los carretes individuales (VM) [OBSOLETO] |
20130110 |
| 590 ## - NOTA LOCAL (RLIN) |
| Nota local |
BATCH-UPD |
| Procedencia (VM) [OBSOLETO] |
10 |
| Condición del los carretes individuales (VM) [OBSOLETO] |
20130110 |
| 590 ## - NOTA LOCAL (RLIN) |
| Nota local |
BATCH-UPD |
| Procedencia (VM) [OBSOLETO] |
10 |
| Condición del los carretes individuales (VM) [OBSOLETO] |
20130410 |
| 590 ## - NOTA LOCAL (RLIN) |
| Nota local |
BATCH-UPD |
| Procedencia (VM) [OBSOLETO] |
10 |
| Condición del los carretes individuales (VM) [OBSOLETO] |
20130914 |
| 590 ## - NOTA LOCAL (RLIN) |
| Nota local |
BATCH-UPD |
| Procedencia (VM) [OBSOLETO] |
10 |
| Condición del los carretes individuales (VM) [OBSOLETO] |
20140324 |
| 590 ## - NOTA LOCAL (RLIN) |
| Nota local |
BATCH-UPD |
| Procedencia (VM) [OBSOLETO] |
10 |
| Condición del los carretes individuales (VM) [OBSOLETO] |
20141002 |
| 590 ## - NOTA LOCAL (RLIN) |
| Nota local |
CONVERSION |
| Procedencia (VM) [OBSOLETO] |
10 |
| Condición del los carretes individuales (VM) [OBSOLETO] |
20130109 |
| 901 ## - ELEMENTOS DE DATOS A LOCAL LDA (RLIN) |
| a |
BK |
| 949 ## - PROCESAMIENTO DE INFORMACIÓN LOCAL (OCLC) |
| a |
Tesis |
| b |
BC |
| c |
TES |
| d |
33724002226637 |
| e |
TS1 |
| g |
DonaciØn |
| h |
51640 |
| i |
111823 |
| s |
b |
| 949 ## - PROCESAMIENTO DE INFORMACIÓN LOCAL (OCLC) |
| a |
Tesis |
| b |
BC |
| c |
TES |
| d |
33724002226678 |
| e |
TS2 |
| f |
c.2 |
| g |
DonaciØn |
| h |
51641 |
| i |
111823 |
| s |
b |